Statistics for Click the Elton John Song Title Ending

Click here to take the quiz!

General Stats

  • This quiz has been taken 129 times
    (104 since last reset)
  • The average score is 17 of 25

Answer Stats

HintAnswer% Correct
RocketMan
99%
Don't Go Breaking MyHeart
97%
Goodbye Yellow BrickRoad
97%
Can You Feel The LoveTonight
97%
Circle OfLife
96%
Made InEngland
94%
Candle In TheWind
94%
TinyDancer
92%
Madman Across TheWater
86%
CrocodileRock
83%
Kiss TheBride
82%
Bennie And TheJets
81%
I Guess That's Why They Call It TheBlues
79%
PinballWizard
76%
HonkyCat
59%
Burn Down TheMission
55%
Captain Fantastic and the Brown DirtCowboy
54%
PhiladelphiaFreedom
54%
All The Girls LoveAlice
49%
You're SoStatic
46%
GreySeal
38%
Too Low ForZero
36%
In The Name OfYou
33%
Take Me To ThePilot
32%
SkylinePigeon
26%

Score Distribution

Percentile by Number Answered

Percent of People with Each Score

Your Score History

You have not taken this quiz since the last reset